000 00296nam a22001337a 4500
008 170315b xxu||||| |||| 00| 0 eng d
020 _a9780135080375
041 _aeng
080 _24ED
_a591
100 _a7
101 _aSHM
245 _aFUNDAMENTALS ETNOMOLOGY
_cELZINGA.R.J
942 _2udc
_cBK
999 _c7808
_d7808